• 首页
  • 本馆介绍
  • 公告通知
  • 最新文献
  • 馆藏检索
  • 电子资源
  • 读者导购
  • 参考咨询
  • 我的图书馆
  • 登录
  • 详细信息显示
  • 放入我的书架
  • 预约/预借图书
  • 作者相关作品
  • 分类相关作品
  • 丛书相关作品
  • 出版社相关作品

书目信息

  • 表格格式
  • 工作单格式
  • 卡片格式
题名:
有机杂环化合物的高效合成
    
 
作者: 贾润红, 著
分册:  
出版信息: 延吉   延边大学出版社  2019
页数: 202页
开本: 24cm
丛书名:
单 册:
中图分类: O626
科图分类:
主题词: 杂环化合物--za huan hua he wu--有机合成
电子资源:
ISBN: 978-7-5688-6788-7
000 01381nam0 2200265 450
001 012001002541
005 20140101151244.0
010    @a978-7-5688-6788-7@dCNY54.00
099    @aCAL 012019134063
100    @a20190827d2019 em y0chiy50 ea
101 0  @achi
102    @aCN@b220000
105    @aak a 000yy
106    @ar
200 1  @a有机杂环化合物的高效合成@Ayou ji za huan hua he wu de gao xiao he cheng@f贾润红著
210    @a延吉@c延边大学出版社@d2019
215    @a202页@c图@d24cm
314    @a贾润红, 江苏省连云港市人, 现工作于连云港师范高等专科学校, 副教授, 教研室主任。
320    @a有书目 (第174-200页)
330    @a本书主要介绍了如何利用微波合成技术合成具有生物活性或生理活性的吡啶类、茚并吡啶类、苯并吖啶类、咪唑酮、吡喃并嘧啶、吡唑并吡啶酮等杂环化合物, 并进一步研究以水作为溶剂, 无相转移催化剂条件下的微波辐射有机合成反应, 以期获得具有良好活性的先导化合物, 为人类的健康事业增添高效、低毒的药物, 减少有机溶剂对环境的污染, 扩大微波在有机合成中的应用范围, 丰富有机合成方法学的内容。另外, 由于微波辐射下的有机反应具有反应时间短、产率高、原料消耗少、环境友好、后处理方便等优点, 因而它在构建活性骨架、合成有意义的杂环化合物以及提供活性化合物库方面显示出独特的优越性。
606 0  @a杂环化合物@Aza huan hua he wu@x有机合成
690    @aO626@v5
701  0 @a贾润红,@Ajia run hong@f1980-@4著
801  0 @aCN@b北京卓展@c20191020
905    @b1203810-3@dO626@e9@f4
    
    有机杂环化合物的高效合成/贾润红著.-延吉:延边大学出版社,2019
    202页:图;24cm
    
    
    ISBN 978-7-5688-6788-7:CNY54.00
    本书主要介绍了如何利用微波合成技术合成具有生物活性或生理活性的吡啶类、茚并吡啶类、苯并吖啶类、咪唑酮、吡喃并嘧啶、吡唑并吡啶酮等杂环化合物, 并进一步研究以水作为溶剂, 无相转移催化剂条件下的微波辐射有机合成反应, 以期获得具有良好活性的先导化合物, 为人类的健康事业增添高效、低毒的药物, 减少有机溶剂对环境的污染, 扩大微波在有机合成中的应用范围, 丰富有机合成方法学的内容。另外, 由于微波辐射下的有机反应具有反应时间短、产率高、原料消耗少、环境友好、后处理方便等优点, 因而它在构建活性骨架、合成有意义的杂环化合物以及提供活性化合物库方面显示出独特的优越性。
●
相关链接 在E读中查询图书 在五车中查询图书 在当当中查询图书 在豆瓣中查询图书


正题名:有机杂环化合物的高效合成     索取号:O626/9         预约/预借

序号 登录号 条形码 馆藏地/架位号 状态 备注
1 1203810   212038105   第二样本阅览室/ [索取号:O626/9] 在馆    
2 1203811   212038114   第三借阅区/ [索取号:O626/9] 在馆    
3 1203812   212038123   第三借阅区/ [索取号:O626/9] 在馆    
4 1203813   212038132   第三借阅区/ [索取号:O626/9] 在馆    
唐山师范学院图书馆 欢迎您!
大连网信软件有限公司© 版权所有